Ulysse 31 par extraits d'épisodes - Clic Quiz - Statistiques

Statistiques générales
  • Ce quiz a été pris 5 fois
  • Le résultat moyen est 18 sur 26
Statistiques - réponses
Hint Réponse % Correct
13-Les Sirènes
100%
14-Le Marais des doubles
100%
18-Le Labyrinthe du Minotaure
100%
1-Le Cyclope ou la malédiction des dieux
100%
3-Les Fleurs sauvages
100%
8-La Révolte des Compagnons
100%
20-Le Magicien noir
80%
23-Ulysse rencontre Ulysse
80%
2-Hératos
80%
4-Chronos
80%
6-Éole ou le coffret des vents cosmiques
80%
7-Sisyphe ou l'éternel recommencement
80%
9-Le Sphynx
80%
12-Le Fauteuil de l'oubli
60%
16-Circé la magicienne
60%
19-Atlas
60%
21-Les Révoltées de Lemnos
60%
24-Les Lotophages
60%
25-Calypso
60%
26-Le Royaume d'Hadès
60%
10-Les Lestrygons
40%
11-Charybde et Scylla
40%
15-La Deuxième Arche
40%
22-La Cité de Cortex
40%
5-La Planète perdue
40%
17-Nérée ou la vérité engloutie
20%
Aucun quiz correspondant
Distribution des résultats
% des personnes avec chaque résultat
Percentile par nombre de réponses
Votre historique - résultats
Vous n’avez pas pris ce quiz